A course in workshop technology V.1 (Record no. 161362)

MARC details
000 -LEADER
fixed length control field 00370nam a2200145Ia 4500
008 - FIXED-LENGTH DATA ELEMENTS--GENERAL INFORMATION
fixed length control field 231217s9999 xx 000 0 und d
041 ## - LANGUAGE CODE
Language code of text/sound track or separate title English
100 ## - MAIN ENTRY--PERSONAL NAME
Personal name Raghuwanshi, B S.
245 #2 - TITLE STATEMENT
Title A course in workshop technology V.1
250 ## - EDITION STATEMENT
Edition statement 5th ed.
260 ## - PUBLICATION, DISTRIBUTION, ETC.
Date of publication, distribution, etc. 1978
Name of publisher, distributor, etc. New Delhi : Dhanpat Rai,
300 ## - PHYSICAL DESCRIPTION
Extent iv+522
650 ## - SUBJECT ADDED ENTRY--TOPICAL TERM
Topical term or geographic name entry element Workshop technology
942 ## - ADDED ENTRY ELEMENTS (KOHA)
Koha item type Books
Holdings
Date last seen Total checkouts Accession number Cost, total (INR) price Price effective from Category Lost status Damaged status Department Withdrawn status Home library Current library Entry date Cost, normal purchase price Grants Billnumber Billdate Currency symbol Conversion rate Discount Old discount Full call number Vendor Shelving location
26/01/2024   2454 25.50 26/01/2024 Books     Central Library   Central Library Central Library 16/08/1990 30.00 ME 441 01/08/1991 RS 1 4.5 15      
26/01/2024   2455 25.50 26/01/2024 Books     Central Library   Central Library Central Library 16/08/1990 30.00 ME 441 01/08/1991 RS 1 4.5 15 670.42 RAG.1;2 BBB  
26/01/2024   2456 25.50 26/01/2024 Books     Central Library   Central Library Central Library 16/08/1990 30.00 ME 441 01/08/1991 RS 1 4.5 15 670 RAG   Central Library

© For any Suggestions or Query, please contact the library staff @ librarian@pes.edu or Phone: +9180 2672 1983/ 2108.